| 000 | 00894nam0a22002291 4500 | ||
|---|---|---|---|
| 001 | v19\rc\1776564 | ||
| 005 | 20061204163313.5 | ||
| 035 | _a(NLR Aleph) 004872121 | ||
| 090 |
_a5103974 _c5103974 |
||
| 100 | _a20061204d1904 |||y0rusy50 ca | ||
| 101 | 0 | _arus | |
| 102 | _aRU | ||
| 105 | _ay z ||||| | ||
| 200 | 1 |
_aВоинский устав для Школы солдатских детей Л.-гв. конного полка _fСост. корнет Л.-гв. конного полка П.Н. Золотницкий |
|
| 210 |
_aСанкт-Петербург _cРус. типо-лит. Г.П. Быкова _d1904 |
||
| 215 |
_a27, [5] с., из них 5 с. для заметок _d23 |
||
| 700 | 1 |
_aЗолотницкий _bП. Н. _gПетр Николаевич _4220 |
|
| 801 | 0 |
_aRU _bNLR _gpsbo |
|
| 801 | 1 |
_aRU _bProSoft-M _2rusmarc |
|
| 852 |
_aNLR _j34.50.4.36 |
||
| 942 | _cBOOK | ||
| 980 | _aNB | ||